00684nam a2200205Ia 4500003000900000008004100009020001800050040001600068080001800084100002900102245008800131260003400219300001500253650002900268650003600297650001900333942000700352999001500359952010400374IN-BaIIA211028s9999 xx 000 0 eng d a0-201-13501-9 cIIA Library a031:51bEMA-2 aAndrews, George E910539 4aThe Theory of ptitionscGeorge E Andrews  aReadingbAddison-Wesleyc1976 axiv, 255p. aEncyclopedia-Mathematics aMathematics Encyclopedia910050 aNASA Thesaurus cBK c6080d6080 00104070aBANbBANcGENd1978-11-30l0o031:51/ EMA-2p6789r2021-11-05w1978-11-30yBKG£ 19.50